000 00860nam a2200289Ia 4500
003 OSt
005 20221006142838.0
006 a|||||r|||| 00| 0
007 ta
008 221006b |||||||| |||| 00| 0 eng d
020 _c557.00
024 _a7,339
037 _cTheseses
040 _aEASL
_cEASL
_beng
041 _2eng
_aeng
082 _aV42y7M83, J9
100 _aMARTIN Harris Inwood
_9648532
110 _aSTANFORD UNIVERSITY. DEPARTMENT OF HISTORY
_9648533
245 0 _aEarly life and thought of Kita Ikki
_b A dissertation
260 _aLondon
_bUniversity Micofilms International
_c1959
300 _a233p.
_ccm.
490 _v Th
500 _aThesis Copy
700 _aSTANFORD UNIVERSITY. DEPARTMENT OF HISTORY
_9648534
942 _hV42y7M83, J9
_cDIS
_2CC
999 _c1075425
_d1075425